FIFTY GREAT ADVENTURES THAT THRILLED THE WORLD. (Record no. 1266972)

MARC details
000 -LEADER
fixed length control field 00481nam a2200181Ia 4500
008 - FIXED-LENGTH DATA ELEMENTS--GENERAL INFORMATION
fixed length control field 151202s9999||||xx |||||||||||||| ||und||
082 ## - DEWEY DECIMAL CLASSIFICATION NUMBER
Item number PNVM-974
100 ## - MAIN ENTRY--PERSONAL NAME
Personal name ---
245 ## - TITLE STATEMENT
Title FIFTY GREAT ADVENTURES THAT THRILLED THE WORLD.
260 ## - PUBLICATION, DISTRIBUTION, ETC. (IMPRINT)
Name of publisher, distributor, etc HOME LIBRARY CLUB.
260 ## - PUBLICATION, DISTRIBUTION, ETC. (IMPRINT)
Date of publication, distribution, etc 0
300 ## - PHYSICAL DESCRIPTION
Extent 0
600 ## - SUBJECT ADDED ENTRY--PERSONAL NAME
Personal name ---
630 ## - SUBJECT ADDED ENTRY--UNIFORM TITLE
Uniform title FIFTY GREAT ADVENTURES THAT THRILLED THE WORLD.
700 ## - ADDED ENTRY--PERSONAL NAME
Personal name ---
730 ## - ADDED ENTRY--UNIFORM TITLE
Uniform title FIFTY GREAT ADVENTURES THAT THRILLED THE WORLD.
942 ## - ADDED ENTRY ELEMENTS (KOHA)
Koha item type Book
Holdings
Withdrawn status Lost status Damaged status Not for loan Home library Current library Date acquired Cost, normal purchase price Total Checkouts Full call number Barcode Date last seen Cost, replacement price Price effective from Koha item type
        Pune Nagar Vachan Mandir, Pune Pune Nagar Vachan Mandir, Pune 06/21/2015 0.00   PNVM-974 PNVM-974 12/02/2015 0.00 12/02/2015 Book